000 00755nam a2200217 i 4500
001 137726
003 ES-MaACL
005 20251221063015.0
007 t|
008 070214q1911 sp f |||| | spa d
100 1 _aSalgari, Emilio,
_d1862-1911
_9242636
245 1 4 _aLos estragos de la China
_b: novela original /
_cpor Emilio Salgari ; versión española de Alfredo Opisso ; [ilustraciones de José Passos].
260 _aBarcelona :
_bMaucci,
_c[1911?]
300 _a317 p., 22 lám. ;
_c21 x 13 cm.
490 1 _aViajes y aventuras
700 1 _aOpisso, Alfredo,
_d1847-1924
_987123
700 1 _aPassos, José,
_d1862-1928
_9130884
830 0 _aViajes y aventuras
_9187087
852 _aES-MaACL
_jG-6296
999 _c137726
_d137726